| 000 | 00763nam a22002651 4500 | ||
|---|---|---|---|
| 001 | 14045 | ||
| 003 | BD-JhCC | ||
| 005 | 20240525171621.0 | ||
| 008 | 710519s19711973ii a 000 0 eng | ||
| 035 | _a(BD-JhCC)14045 | ||
| 040 |
_dBD-JhCC _aBD-JhCC |
||
| 041 | _aeng | ||
| 050 | 0 | 0 | _b. |
| 082 | 0 | 0 |
_a428 _bHIL 1973 |
| 100 | 1 | _a Hill, L. A. | |
| 245 | 1 | 0 |
_a English Language Course for Colleges / _cL. A. Hill, C. J. Daswani, T. C. Daswani, T. C. Sood |
| 260 |
_aDhelhi: _bOxford University Press; _c1973. |
||
| 300 |
_a276 p. _c19 cm. |
||
| 650 | 0 |
_aEnglish language _xComposition and exercises. |
|
| 650 | 0 |
_aEnglish language _xSelf-instruction. |
|
| 700 | _a Daswan,C. J. | ||
| 700 | _a. Daswani, T. C | ||
| 700 | _a Sood, T. C. | ||
| 942 |
_2ddc _cBK |
||
| 999 |
_c14045 _d14045 |
||